000 00285nam a22001337a 4500
008 210303b ||||| |||| 00| 0 eng d
020 _a9780879757595
041 _aeng
080 _a61
100 _a4
101 _aSHM
245 _aAmong Friends
_cBuckingham,W.R
942 _2udc
_cBK
999 _c55571
_d55571